[Event "3e Open de Bastia"]
[Site "Bastia"]
[Date "2023.07.10"]
[Round "8.6"]
[White "Nevednichy, Vladislav"]
[Black "Geronimi, Pierre-Francois"]
[Result "1-0"]
[BlackElo "2025"]
[WhiteElo "2453"]
[LiveChessVersion "1.4.6"]

1. e4 {[%clk 0:15:05]} g6 {[%clk 0:15:05]} 2. d4 {[%clk 0:15:06]} Bg7
{[%clk 0:15:07]} 3. Nf3 {[%clk 0:15:07]} d6 {[%clk 0:15:09]} 4. c3
{[%clk 0:14:59]} a6 {[%clk 0:15:10]} 5. Bd3 {[%clk 0:15:00]} b6 {[%clk 0:15:12]}
6. O-O {[%clk 0:15:01]} Bb7 {[%clk 0:15:14]} 7. Re1 {[%clk 0:14:52]} e6
{[%clk 0:15:15]} 8. Nbd2 {[%clk 0:14:48]} Nd7 {[%clk 0:15:15]} 9. Nf1
{[%clk 0:14:43]} h6 {[%clk 0:15:16]} 10. Ng3 {[%clk 0:14:42]} Ne7
{[%clk 0:15:15]} 11. Be3 {[%clk 0:14:34]} Rc8 {[%clk 0:14:17]} 12. h4
{[%clk 0:14:33]} Nf6 {[%clk 0:14:11]} 13. Nh2 {[%clk 0:14:11]} c5
{[%clk 0:13:15]} 14. Qe2 {[%clk 0:14:12]} b5 {[%clk 0:11:56]} 15. dxc5
{[%clk 0:14:11]} dxc5 {[%clk 0:11:53]} 16. a4 {[%clk 0:14:08]} c4
{[%clk 0:11:23]} 17. Bc2 {[%clk 0:14:09]} Qc7 {[%clk 0:10:57]} 18. axb5
{[%clk 0:14:01]} axb5 {[%clk 0:10:59]} 19. Nf3 {[%clk 0:13:46]} Ng4
{[%clk 0:09:35]} 20. Bd2 {[%clk 0:13:12]} Nf6 {[%clk 0:06:43]} 21. Nd4
{[%clk 0:13:06]} Bc6 {[%clk 0:06:36]} 22. f4 {[%clk 0:10:14]} O-O
{[%clk 0:06:20]} 23. e5 {[%clk 0:10:06]} Nfd5 {[%clk 0:05:43]} 24. Ne4
{[%clk 0:10:05]} Nf5 {[%clk 0:05:28]} 25. Nxf5 {[%clk 0:10:04]} exf5
{[%clk 0:05:29]} 26. Nd6 {[%clk 0:10:01]} Ra8 {[%clk 0:05:21]} 27. h5
{[%clk 0:09:27]} Qe7 {[%clk 0:04:01]} 28. Qf2 {[%clk 0:08:30]} Qd7
{[%clk 0:02:22]} 29. Qg3 {[%clk 0:08:08]} Kh7 {[%clk 0:02:19]} 30. Qh3
{[%clk 0:07:50]} Ne7 {[%clk 0:02:21]} 31. Rad1 {[%clk 0:07:07]} Qe6
{[%clk 0:02:23]} 32. Be3 {[%clk 0:06:58]} Ra2 {[%clk 0:02:21]} 33. Bc1
{[%clk 0:06:53]} Ra1 {[%clk 0:02:22]} 34. Qh4 {[%clk 0:05:13]} Ba8
{[%clk 0:01:57]} 35. Kf1 {[%clk 0:04:56]} Kg8 {[%clk 0:01:43]} 36. Qg3
{[%clk 0:04:55]} Rd8 {[%clk 0:01:18]} 37. Nxb5 {[%clk 0:04:36]} Rxd1
{[%clk 0:01:20]} 38. Rxd1 {[%clk 0:04:37]} Qc6 {[%clk 0:00:58]} 39. Nd4
{[%clk 0:04:35]} Qb7 {[%clk 0:00:52]} 40. Qf2 {[%clk 0:03:41]} Nd5
{[%clk 0:00:43]} 41. Ke1 {[%clk 0:03:20]} Bf8 {[%clk 0:00:35]} 42. Qg3
{[%clk 0:03:11]} Rxc1 {[%clk 0:00:24]} 43. Rxc1 Qxb2 44. Ne2 {[%clk 0:02:57]} Bc5
{[%clk 0:00:25]} 45. hxg6 {[%clk 0:02:50]} Be3 {[%clk 0:00:24]} 46. gxf7+
{[%clk 0:02:48]} Kxf7 {[%clk 0:00:26]} 47. Bxf5 {[%clk 0:02:04]} Ne7 48. Qxe3
{[%clk 0:01:50]} Nxf5 {[%clk 0:00:22]} 49. Qa7+ {[%clk 0:01:51]} Kg6
{[%clk 0:00:23]} 50. Qxa8 {[%clk 0:01:50]} Nh4 {[%clk 0:00:17]} 51. Qe4+
{[%clk 0:01:47]} 1-0

[Event "3e Open de Bastia"]
[Site "Bastia"]
[Date "2023.07.10"]
[Round "8.7"]
[White "Piscopo, Pierluigi"]
[Black "Utrera, Ludovic"]
[Result "0-1"]
[BlackElo "2069"]
[WhiteElo "2331"]
[LiveChessVersion "1.4.6"]

1. e4 {[%clk 0:15:05]} c5 {[%clk 0:15:05]} 2. Nf3 {[%clk 0:15:06]} d6
{[%clk 0:15:07]} 3. d4 {[%clk 0:15:08]} cxd4 {[%clk 0:15:09]} 4. Nxd4
{[%clk 0:15:10]} Nf6 {[%clk 0:15:11]} 5. Nc3 {[%clk 0:15:12]} a6 {[%clk 0:15:13]}
6. f4 {[%clk 0:15:13]} Nc6 {[%clk 0:14:37]} 7. Nf3 {[%clk 0:14:26]} Bg4
{[%clk 0:12:59]} 8. Be3 {[%clk 0:14:12]} e6 {[%clk 0:12:23]} 9. Be2
{[%clk 0:14:14]} Be7 {[%clk 0:12:09]} 10. O-O {[%clk 0:14:13]} O-O
{[%clk 0:12:06]} 11. Qe1 {[%clk 0:12:47]} Nb4 {[%clk 0:11:57]} 12. Qf2
{[%clk 0:08:24]} d5 {[%clk 0:10:42]} 13. e5 {[%clk 0:08:14]} Ne4 {[%clk 0:10:38]}
14. Nxe4 {[%clk 0:06:31]} dxe4 {[%clk 0:10:39]} 15. Nd4 {[%clk 0:06:30]} Bxe2
{[%clk 0:10:23]} 16. Qxe2 {[%clk 0:06:32]} Nd5 {[%clk 0:10:15]} 17. Nb3
{[%clk 0:05:55]} Rc8 {[%clk 0:10:05]} 18. Bd4 {[%clk 0:05:55]} Nb4
{[%clk 0:09:02]} 19. c3 {[%clk 0:05:42]} Nd3 {[%clk 0:08:59]} 20. Qxe4
{[%clk 0:05:40]} Nxb2 {[%clk 0:08:55]} 21. Qxb7 {[%clk 0:05:39]} a5
{[%clk 0:08:26]} 22. Nxa5 {[%clk 0:04:49]} Qxa5 {[%clk 0:08:13]} 23. Qxb2
{[%clk 0:04:51]} Ba3 {[%clk 0:07:50]} 24. Qe2 {[%clk 0:04:51]} Rfd8
{[%clk 0:07:25]} 25. Rab1 {[%clk 0:04:45]} Rd5 {[%clk 0:06:18]} 26. f5
{[%clk 0:04:11]} Bc5 {[%clk 0:06:11]} 27. Qf2 {[%clk 0:03:18]} Qa7
{[%clk 0:04:25]} 28. fxe6 {[%clk 0:01:48]} fxe6 {[%clk 0:04:27]} 29. Kh1
{[%clk 0:01:45]} h6 {[%clk 0:03:29]} 30. h3 {[%clk 0:01:28]} Rxe5
{[%clk 0:02:56]} 31. Rbe1 {[%clk 0:01:29]} Rf5 {[%clk 0:01:43]} 32. Qe2
{[%clk 0:01:31]} Rxf1+ {[%clk 0:01:26]} 33. Rxf1 {[%clk 0:01:33]} Re8
{[%clk 0:01:28]} 34. Qb5 {[%clk 0:01:27]} Rf8 {[%clk 0:01:24]} 35. Rxf8+ 0-1

[Event "3e Open de Bastia"]
[Site "Bastia"]
[Date "2023.07.10"]
[Round "8.8"]
[White "Anwesh, Upadhyaya"]
[Black "Paoli, Guillaume"]
[Result "1-0"]
[BlackElo "1767"]
[WhiteElo "2356"]
[LiveChessVersion "1.4.6"]

1. e4 {[%clk 0:15:03]} e5 {[%clk 0:15:05]} 2. Nf3 {[%clk 0:15:04]} Nc6
{[%clk 0:15:07]} 3. Bb5 {[%clk 0:15:05]} a6 {[%clk 0:15:09]} 4. Ba4
{[%clk 0:15:06]} Nf6 {[%clk 0:15:10]} 5. O-O {[%clk 0:15:07]} b5 {[%clk 0:15:12]}
6. Bb3 {[%clk 0:15:08]} Be7 {[%clk 0:15:13]} 7. Re1 {[%clk 0:15:09]} O-O
{[%clk 0:15:14]} 8. d4 {[%clk 0:15:10]} exd4 {[%clk 0:14:18]} 9. e5
{[%clk 0:15:09]} Ne8 {[%clk 0:13:55]} 10. Bd5 {[%clk 0:15:07]} Rb8
{[%clk 0:13:41]} 11. c3 {[%clk 0:14:45]} dxc3 {[%clk 0:13:25]} 12. Nxc3
{[%clk 0:14:47]} Bb7 {[%clk 0:13:15]} 13. Ne4 {[%clk 0:14:25]} Nb4
{[%clk 0:12:59]} 14. Bxb7 {[%clk 0:13:19]} Rxb7 {[%clk 0:13:00]} 15. a3
{[%clk 0:12:03]} Nc6 {[%clk 0:12:57]} 16. Qd5 {[%clk 0:12:04]} h6
{[%clk 0:12:29]} 17. Be3 {[%clk 0:10:59]} Na5 {[%clk 0:12:28]} 18. Nc5
{[%clk 0:09:35]} Bxc5 {[%clk 0:12:11]} 19. Bxc5 {[%clk 0:09:35]} d6
{[%clk 0:12:07]} 20. exd6 {[%clk 0:07:49]} Nxd6 {[%clk 0:12:06]} 21. Rad1
{[%clk 0:07:35]} Rb8 {[%clk 0:10:07]} 22. Ne5 {[%clk 0:06:50]} Ndc4
{[%clk 0:09:13]} 23. Bxf8 {[%clk 0:06:19]} Qxd5 {[%clk 0:09:09]} 24. Rxd5
{[%clk 0:06:21]} Rxf8 {[%clk 0:08:56]} 25. Nxc4 {[%clk 0:06:10]} Nxc4
{[%clk 0:08:58]} 26. Rc5 {[%clk 0:05:04]} Nxb2 {[%clk 0:08:02]} 27. Rxc7
{[%clk 0:05:05]} Nc4 {[%clk 0:07:55]} 28. a4 {[%clk 0:04:55]} Nb2
{[%clk 0:07:29]} 29. axb5 {[%clk 0:04:38]} axb5 {[%clk 0:07:30]} 30. Rb1
{[%clk 0:03:50]} Rd8 {[%clk 0:07:13]} 31. Kf1 {[%clk 0:03:33]} Nc4
{[%clk 0:06:34]} 32. Rxb5 {[%clk 0:03:23]} Rd1+ {[%clk 0:06:27]} 33. Ke2
{[%clk 0:03:25]} Rd2+ {[%clk 0:06:27]} 34. Ke1 {[%clk 0:03:23]} 1-0

[Event "3e Open de Bastia"]
[Site "Bastia"]
[Date "2023.07.09"]
[Round "9.1"]
[White "Fedorchuk, Sergey A."]
[Black "Bulmaga, Irina"]
[Result "1-0"]
[BlackElo "2416"]
[WhiteElo "2589"]
[LiveChessVersion "1.4.6"]

1. e4 {[%clk 0:15:03]} e5 {[%clk 0:15:04]} 2. Nf3 {[%clk 0:15:03]} Nc6
{[%clk 0:15:05]} 3. Bb5 {[%clk 0:15:04]} g6 {[%clk 0:15:06]} 4. O-O
{[%clk 0:14:32]} Bg7 {[%clk 0:15:06]} 5. c3 {[%clk 0:14:33]} a6 {[%clk 0:15:07]}
6. Ba4 {[%clk 0:14:34]} d6 {[%clk 0:15:01]} 7. Re1 {[%clk 0:14:07]} b5
{[%clk 0:14:52]} 8. Bb3 {[%clk 0:14:03]} Nf6 {[%clk 0:14:44]} 9. d4
{[%clk 0:13:16]} O-O {[%clk 0:13:49]} 10. Nbd2 {[%clk 0:12:55]} Re8
{[%clk 0:10:57]} 11. h3 {[%clk 0:12:00]} exd4 {[%clk 0:10:37]} 12. cxd4
{[%clk 0:11:57]} Na5 {[%clk 0:10:19]} 13. Bc2 {[%clk 0:11:31]} c5
{[%clk 0:10:06]} 14. Nf1 {[%clk 0:10:13]} Bb7 {[%clk 0:08:41]} 15. d5
{[%clk 0:09:34]} Nd7 {[%clk 0:08:37]} 16. Rb1 {[%clk 0:08:12]} Nc4
{[%clk 0:08:27]} 17. b3 {[%clk 0:07:23]} Nce5 {[%clk 0:08:28]} 18. N3h2
{[%clk 0:07:25]} c4 {[%clk 0:07:34]} 19. bxc4 {[%clk 0:05:46]} Nxc4
{[%clk 0:07:34]} 20. a4 {[%clk 0:05:48]} Qa5 {[%clk 0:07:01]} 21. Ne3
{[%clk 0:05:33]} Nde5 {[%clk 0:06:15]} 22. Nhg4 {[%clk 0:05:34]} Nxe3
{[%clk 0:05:01]} 23. Nxe3 {[%clk 0:05:18]} Rac8 {[%clk 0:04:06]} 24. Bd2
{[%clk 0:05:04]} Qb6 {[%clk 0:04:08]} 25. Kh1 {[%clk 0:05:06]} Qc5
{[%clk 0:03:15]} 26. Bb4 {[%clk 0:04:38]} Qc7 {[%clk 0:03:16]} 27. axb5
{[%clk 0:04:18]} axb5 {[%clk 0:03:14]} 28. Re2 {[%clk 0:04:15]} Nc4
{[%clk 0:02:40]} 29. Bd3 {[%clk 0:03:45]} Nxe3 {[%clk 0:01:59]} 30. Rxe3
{[%clk 0:03:47]} Ba6 {[%clk 0:01:05]} 31. Re2 {[%clk 0:03:48]} Qb6
{[%clk 0:00:56]} 32. Ra2 {[%clk 0:03:39]} Bc3 {[%clk 0:00:16]} 33. Qb3
{[%clk 0:03:37]} Bxb4 {[%clk 0:00:10]} 34. Qxb4 {[%clk 0:03:39]} Rb8
{[%clk 0:00:08]} 35. Kg1 {[%clk 0:03:04]} h5 {[%clk 0:00:10]} 36. Ra5
{[%clk 0:02:56]} Kg7 {[%clk 0:00:07]} 37. Rba1 {[%clk 0:02:57]} Ra8
{[%clk 0:00:05]} 38. Bxb5 {[%clk 0:02:24]} Reb8 {[%clk 0:00:07]} 39. Qc3+
{[%clk 0:02:25]} Kg8 {[%clk 0:00:08]} 40. Bxa6 {[%clk 0:03:24]} Ra7
{[%clk 0:00:09]} 41. Bf1 {[%clk 0:03:14]} Rc7 {[%clk 0:00:08]} 42. Qf6
{[%clk 0:03:02]} Qb4 {[%clk 0:00:04]} 43. Ra8 {[%clk 0:02:58]} Rcc8
{[%clk 0:00:06]} 44. R1a7 {[%clk 0:02:42]} Rf8 {[%clk 0:00:06]} 45. Rxb8
{[%clk 0:02:43]} Qxb8 {[%clk 0:00:08]} 46. Rd7 {[%clk 0:02:42]} Qe8
{[%clk 0:00:08]} 47. Qe7 {[%clk 0:02:41]} Qxe7 {[%clk 0:00:06]} 48. Rxe7
{[%clk 0:02:42]} Kg7 {[%clk 0:00:08]} 49. Rd7 {[%clk 0:02:42]} Re8
{[%clk 0:00:10]} 50. f3 {[%clk 0:02:43]} Kf6 {[%clk 0:00:12]} 51. Rxd6+
{[%clk 0:02:45]} Ke5 {[%clk 0:00:14]} 52. Rd7 {[%clk 0:02:43]} f6
{[%clk 0:00:12]} 53. h4 {[%clk 0:02:41]} f5 {[%clk 0:00:10]} 54. exf5
{[%clk 0:02:40]} gxf5 {[%clk 0:00:11]} 55. Kf2 {[%clk 0:02:41]} Ra8
{[%clk 0:00:12]} 56. Rh7 {[%clk 0:02:39]} Ra2+ {[%clk 0:00:12]} 57. Be2
{[%clk 0:02:41]} Kxd5 {[%clk 0:00:12]} 58. Rxh5 {[%clk 0:02:42]} Ke6
{[%clk 0:00:14]} 59. f4 {[%clk 0:02:35]} Kf6 {[%clk 0:00:12]} 60. Rg5
{[%clk 0:02:35]} Ra4 {[%clk 0:00:12]} 61. Ke3 {[%clk 0:02:24]} Re4+
{[%clk 0:00:10]} 62. Kf3 {[%clk 0:02:26]} Ra4 {[%clk 0:00:09]} 63. Bd3
{[%clk 0:02:25]} Ra3 {[%clk 0:00:10]} 64. Ke3 {[%clk 0:02:26]} Rb3
{[%clk 0:00:10]} 65. Rxf5+ {[%clk 0:02:27]} Kg7 {[%clk 0:00:11]} 66. Rg5+
{[%clk 0:02:28]} Kh8 {[%clk 0:00:12]} 67. Rd5 {[%clk 0:02:28]} Rb2
{[%clk 0:00:11]} 68. g4 {[%clk 0:02:28]} Rg2 {[%clk 0:00:11]} 69. Be2
{[%clk 0:02:24]} Rg3+ {[%clk 0:00:11]} 70. Bf3 {[%clk 0:02:24]} Rg1
{[%clk 0:00:12]} 71. h5 {[%clk 0:02:24]} Re1+ {[%clk 0:00:07]} 72. Be2
{[%clk 0:02:25]} Ra1 {[%clk 0:00:08]} 73. h6 {[%clk 0:02:23]} Ra3+
{[%clk 0:00:10]} 74. Bd3 {[%clk 0:02:24]} Ra8 {[%clk 0:00:12]} 75. g5
{[%clk 0:02:23]} Re8+ {[%clk 0:00:14]} 76. Re5 {[%clk 0:02:22]} Rg8
{[%clk 0:00:10]} 77. g6 {[%clk 0:02:17]} Rd8 {[%clk 0:00:08]} 78. Re7
{[%clk 0:01:58]} Kg8 {[%clk 0:00:05]} 79. h7+ {[%clk 0:01:56]} 1-0

[Event "3e Open de Bastia"]
[Site "Bastia"]
[Date "2023.07.09"]
[Round "9.2"]
[White "Krasenkow, Michal"]
[Black "Yankelevich, Lev"]
[Result "1/2-1/2"]
[BlackElo "2442"]
[WhiteElo "2524"]
[LiveChessVersion "1.4.6"]

1. d4 {[%clk 0:15:04]} Nf6 {[%clk 0:15:05]} 2. c4 {[%clk 0:15:06]} e6
{[%clk 0:15:01]} 3. Nf3 {[%clk 0:15:08]} d5 {[%clk 0:14:56]} 4. Nc3
{[%clk 0:15:10]} Bb4 {[%clk 0:14:58]} 5. Qa4+ {[%clk 0:15:10]} Nc6
{[%clk 0:15:00]} 6. e3 {[%clk 0:15:13]} O-O {[%clk 0:15:00]} 7. Qc2
{[%clk 0:15:15]} b6 {[%clk 0:13:23]} 8. a3 {[%clk 0:15:06]} Bxc3+
{[%clk 0:12:14]} 9. Qxc3 {[%clk 0:15:06]} Ba6 {[%clk 0:12:15]} 10. b3
{[%clk 0:14:48]} Na5 {[%clk 0:12:08]} 11. Bd3 {[%clk 0:14:26]} Rc8
{[%clk 0:11:50]} 12. c5 {[%clk 0:12:09]} Bxd3 {[%clk 0:11:49]} 13. Qxd3
{[%clk 0:12:12]} bxc5 {[%clk 0:11:35]} 14. dxc5 {[%clk 0:12:11]} Ne4
{[%clk 0:11:27]} 15. b4 {[%clk 0:11:44]} Nc4 {[%clk 0:11:05]} 16. Ra2
{[%clk 0:11:25]} a5 {[%clk 0:10:00]} 17. Rc2 {[%clk 0:11:26]} f5 {[%clk 0:09:24]}
18. Nd4 {[%clk 0:11:24]} Qf6 {[%clk 0:08:54]} 19. O-O {[%clk 0:11:26]} c6
{[%clk 0:07:29]} 20. f3 {[%clk 0:10:37]} Ng5 {[%clk 0:07:28]} 21. h4
{[%clk 0:10:01]} Nf7 {[%clk 0:07:27]} 22. g3 {[%clk 0:09:48]} Nfe5
{[%clk 0:06:26]} 23. Qc3 {[%clk 0:09:46]} Nd7 {[%clk 0:06:17]} 24. f4
{[%clk 0:09:12]} Qg6 {[%clk 0:06:08]} 25. Rg2 {[%clk 0:09:13]} Rfe8
{[%clk 0:05:49]} 26. Nf3 {[%clk 0:09:01]} Nf6 {[%clk 0:05:44]} 27. Ne5
{[%clk 0:08:55]} Ne4 {[%clk 0:05:37]} 28. Qd4 {[%clk 0:08:15]} Nxe5
{[%clk 0:04:49]} 29. Qxe5 {[%clk 0:08:16]} axb4 {[%clk 0:04:46]} 30. axb4
{[%clk 0:08:18]} Rb8 {[%clk 0:04:45]} 31. Ba3 {[%clk 0:07:36]} Qf6
{[%clk 0:04:21]} 32. Qxf6 {[%clk 0:07:23]} gxf6 {[%clk 0:04:23]} 33. g4
{[%clk 0:07:13]} fxg4 {[%clk 0:04:23]} 34. Rxg4+ {[%clk 0:07:14]} Kf7
{[%clk 0:04:25]} 35. Rb1 {[%clk 0:06:48]} Ra8 {[%clk 0:04:01]} 36. Bb2
{[%clk 0:06:38]} Reb8 {[%clk 0:03:54]} 37. Bd4 {[%clk 0:06:32]} Ra4
{[%clk 0:03:50]} 38. b5 {[%clk 0:06:25]} Rxb5 {[%clk 0:03:50]} 39. Rxb5
{[%clk 0:06:27]} cxb5 {[%clk 0:03:52]} 40. Rg2 {[%clk 0:06:29]} Rc4
{[%clk 0:03:45]} 41. Rb2 {[%clk 0:05:57]} b4 {[%clk 0:03:40]} 42. h5
{[%clk 0:05:55]} Nc3 {[%clk 0:02:17]} 43. c6 {[%clk 0:05:25]} Nb5
{[%clk 0:02:03]} 44. Kf2 {[%clk 0:05:00]} Ke7 {[%clk 0:01:36]} 45. Bb6
{[%clk 0:04:59]} Na3 {[%clk 0:00:49]} 46. c7 {[%clk 0:04:35]} Kd7
{[%clk 0:00:47]} 47. Rb3 {[%clk 0:04:01]} Nb5 {[%clk 0:00:26]} 48. Ba5
{[%clk 0:03:59]} Nxc7 {[%clk 0:00:21]} 49. Bxb4 {[%clk 0:04:00]} e5
{[%clk 0:00:15]} 50. fxe5 {[%clk 0:03:49]} fxe5 {[%clk 0:00:17]} 51. Bf8
{[%clk 0:03:35]} Rh4 {[%clk 0:00:15]} 52. h6 {[%clk 0:03:24]} Ne6
{[%clk 0:00:15]} 53. Bg7 {[%clk 0:03:18]} Nxg7 {[%clk 0:00:11]} 54. hxg7
{[%clk 0:03:18]} Rg4 {[%clk 0:00:07]} 55. Rb7+ {[%clk 0:03:19]} Ke6
{[%clk 0:00:09]} 56. Kf3 {[%clk 0:02:56]} Rg1 {[%clk 0:00:09]} 57. Ra7
{[%clk 0:02:41]} Kf6 {[%clk 0:00:11]} 58. Rd7 {[%clk 0:02:43]} Rxg7
{[%clk 0:00:10]} 59. Rxd5 {[%clk 0:02:45]} Rf7 {[%clk 0:00:05]} 60. Ke4
{[%clk 0:02:43]} h5 {[%clk 0:00:06]} 61. Rxe5 {[%clk 0:02:41]} Re7
{[%clk 0:00:08]} 62. Rxe7 {[%clk 0:02:43]} Kxe7 {[%clk 0:00:10]} 63. Kf5
{[%clk 0:02:45]} h4 {[%clk 0:00:12]} 64. Kg4 Ke6 65. Kxh4 {[%clk 0:02:49]} Ke5
{[%clk 0:00:18]} 66. Kg3 {[%clk 0:02:50]} Ke4 {[%clk 0:00:19]} 67. Kf2
{[%clk 0:02:52]} Ke5 68. Kf3 {[%clk 0:02:54]} Kf5 {[%clk 0:00:23]} 69. e4+
{[%clk 0:02:57]} Ke5 {[%clk 0:00:26]} 70. Ke3 {[%clk 0:02:59]} Ke6
{[%clk 0:00:28]} 71. Kf4 {[%clk 0:03:01]} Kf6 {[%clk 0:00:31]} 72. e5+
{[%clk 0:03:04]} Ke6 {[%clk 0:00:34]} 73. Ke4 {[%clk 0:03:06]} Ke7
{[%clk 0:00:36]} 74. Kf5 Kf7 75. e6+ {[%clk 0:03:11]} Ke7 {[%clk 0:00:41]} 76.
Ke5 {[%clk 0:03:13]} Ke8 {[%clk 0:00:43]} 77. Kf6 {[%clk 0:03:15]} Kf8
{[%clk 0:00:46]} 78. e7+ {[%clk 0:03:18]} Ke8 {[%clk 0:00:48]} 79. Ke6 1/2-1/2

[Event "3e Open de Bastia"]
[Site "Bastia"]
[Date "2023.07.09"]
[Round "9.3"]
[White "Degraeve, Remy"]
[Black "Relange, Eloi"]
[Result "1-0"]
[BlackElo "2462"]
[WhiteElo "2467"]
[LiveChessVersion "1.4.6"]

1. e4 {[%clk 0:15:04]} d6 {[%clk 0:15:05]} 2. d4 {[%clk 0:15:06]} Nf6
{[%clk 0:15:05]} 3. Nc3 {[%clk 0:15:08]} e5 {[%clk 0:15:06]} 4. dxe5
{[%clk 0:15:10]} dxe5 {[%clk 0:15:06]} 5. Qxd8+ {[%clk 0:15:12]} Kxd8
{[%clk 0:15:07]} 6. Bc4 {[%clk 0:15:14]} Ke8 {[%clk 0:15:06]} 7. f4
{[%clk 0:15:15]} Nbd7 {[%clk 0:12:15]} 8. Nf3 {[%clk 0:15:16]} Bd6
{[%clk 0:12:17]} 9. g3 {[%clk 0:14:50]} c6 {[%clk 0:11:50]} 10. a4
{[%clk 0:14:52]} b6 {[%clk 0:10:24]} 11. Be3 {[%clk 0:14:11]} Ng4
{[%clk 0:08:20]} 12. Bd2 {[%clk 0:14:09]} Bb7 {[%clk 0:07:30]} 13. Ng5
{[%clk 0:11:56]} Nh6 {[%clk 0:07:31]} 14. Rf1 {[%clk 0:11:58]} Nf6
{[%clk 0:06:16]} 15. O-O-O {[%clk 0:11:41]} Rd8 {[%clk 0:05:49]} 16. Be3
{[%clk 0:11:16]} Ke7 {[%clk 0:04:52]} 17. Rxd6 {[%clk 0:10:08]} Rxd6
{[%clk 0:03:30]} 18. fxe5 {[%clk 0:10:09]} Ne8 {[%clk 0:03:32]} 19. Nxf7
{[%clk 0:09:49]} 1-0

[Event "3e Open de Bastia"]
[Site "Bastia"]
[Date "2023.07.09"]
[Round "9.4"]
[White "Rakotomaharo, Fy Antenaina"]
[Black "Piscopo, Pierluigi"]
[Result "1-0"]
[BlackElo "2331"]
[WhiteElo "2463"]
[LiveChessVersion "1.4.6"]

1. e4 {[%clk 0:15:04]} c5 {[%clk 0:15:05]} 2. Nf3 {[%clk 0:15:05]} e6
{[%clk 0:15:04]} 3. d4 {[%clk 0:15:07]} cxd4 {[%clk 0:15:06]} 4. Nxd4
{[%clk 0:15:09]} a6 {[%clk 0:15:08]} 5. a3 {[%clk 0:15:08]} Nf6 {[%clk 0:14:39]}
6. Nc3 {[%clk 0:15:10]} Qc7 {[%clk 0:14:28]} 7. f4 {[%clk 0:15:10]} d6
{[%clk 0:14:22]} 8. Qf3 {[%clk 0:14:49]} b5 {[%clk 0:11:29]} 9. g4
{[%clk 0:14:16]} Bb7 {[%clk 0:11:25]} 10. g5 {[%clk 0:14:15]} Nfd7
{[%clk 0:11:27]} 11. Be3 {[%clk 0:13:53]} Nc6 {[%clk 0:11:20]} 12. O-O-O
{[%clk 0:13:38]} b4 {[%clk 0:11:17]} 13. axb4 {[%clk 0:12:57]} Nxb4
{[%clk 0:11:19]} 14. Rd2 {[%clk 0:10:48]} Nc5 {[%clk 0:11:09]} 15. Kb1
{[%clk 0:10:47]} Rc8 {[%clk 0:10:02]} 16. Be2 {[%clk 0:09:40]} d5
{[%clk 0:04:17]} 17. Nb3 {[%clk 0:07:50]} Nxe4 {[%clk 0:03:31]} 18. Nxe4
{[%clk 0:07:51]} dxe4 {[%clk 0:03:33]} 19. Qh3 {[%clk 0:07:52]} Be7
{[%clk 0:02:30]} 20. g6 {[%clk 0:07:28]} Bf6 {[%clk 0:01:57]} 21. Nc5
{[%clk 0:07:05]} Bd5 {[%clk 0:01:17]} 22. gxf7+ {[%clk 0:06:53]} Kxf7
{[%clk 0:01:08]} 23. Rxd5 {[%clk 0:06:29]} exd5 {[%clk 0:01:03]} 24. Qe6+
{[%clk 0:06:30]} 1-0

[Event "3e Open de Bastia"]
[Site "Bastia"]
[Date "2023.07.09"]
[Round "9.5"]
[White "Aarav Dengla"]
[Black "Nevednichy, Vladislav"]
[Result "1-0"]
[BlackElo "2453"]
[WhiteElo "2343"]
[LiveChessVersion "1.4.6"]

1. e4 {[%clk 0:15:04]} c5 {[%clk 0:15:05]} 2. Nf3 {[%clk 0:15:05]} d6
{[%clk 0:15:06]} 3. d4 {[%clk 0:15:06]} cxd4 {[%clk 0:15:08]} 4. Nxd4
{[%clk 0:15:08]} Nf6 {[%clk 0:15:10]} 5. Nc3 {[%clk 0:15:10]} Nc6
{[%clk 0:15:12]} 6. Bg5 {[%clk 0:15:11]} e6 {[%clk 0:15:14]} 7. Qd2
{[%clk 0:14:59]} a6 {[%clk 0:15:15]} 8. O-O-O {[%clk 0:14:56]} Bd7
{[%clk 0:15:17]} 9. Kb1 {[%clk 0:14:55]} Be7 {[%clk 0:15:10]} 10. f3
{[%clk 0:14:43]} b5 {[%clk 0:14:29]} 11. Nxc6 {[%clk 0:14:10]} Bxc6
{[%clk 0:14:30]} 12. Bd3 {[%clk 0:14:11]} b4 {[%clk 0:12:32]} 13. Ne2
{[%clk 0:14:12]} Qb6 {[%clk 0:12:35]} 14. h4 {[%clk 0:12:13]} a5 {[%clk 0:12:06]}
15. c4 {[%clk 0:11:29]} bxc3 {[%clk 0:11:37]} 16. Nxc3 {[%clk 0:09:44]} a4
{[%clk 0:11:14]} 17. a3 {[%clk 0:08:10]} h6 {[%clk 0:10:24]} 18. Be3
{[%clk 0:07:36]} Qb7 {[%clk 0:10:27]} 19. Qe2 {[%clk 0:07:38]} O-O
{[%clk 0:09:53]} 20. Bb5 {[%clk 0:07:02]} Rfb8 {[%clk 0:09:46]} 21. Bxc6
{[%clk 0:06:57]} Qxc6 {[%clk 0:09:48]} 22. Qc2 {[%clk 0:06:52]} Rb3
{[%clk 0:09:18]} 23. Rd3 {[%clk 0:06:05]} Rab8 {[%clk 0:08:09]} 24. Nd1
{[%clk 0:05:50]} Qa6 {[%clk 0:06:54]} 25. Rxb3 {[%clk 0:03:14]} axb3
{[%clk 0:06:55]} 26. Qd2 {[%clk 0:02:59]} d5 {[%clk 0:06:51]} 27. e5
{[%clk 0:02:35]} Nd7 {[%clk 0:06:48]} 28. Bd4 {[%clk 0:02:37]} Bb4
{[%clk 0:03:37]} 29. Qe3 {[%clk 0:01:19]} Bxa3 {[%clk 0:01:43]} 30. bxa3
{[%clk 0:01:16]} Qxa3 {[%clk 0:01:45]} 31. Qd2 {[%clk 0:00:34]} Ra8
{[%clk 0:01:42]} 32. Ne3 Nb6 {[%clk 0:01:27]} 33. Rc1 {[%clk 0:00:10]} Na4
{[%clk 0:00:28]} 34. Nd1 {[%clk 0:00:12]} Nb6 {[%clk 0:00:21]} 35. Ne3
{[%clk 0:00:14]} Na4 {[%clk 0:00:18]} 36. Nd1 {[%clk 0:00:16]} b2 37. Nxb2 Rb8
1-0